The richest states of USA. - Statistics

General Stats
  • This quiz has been taken 381 times
  • The average score is 10 of 15
Answer Stats
Hint Answer % Correct
1,5 Trillion New York
99%
2,7 Trillion California
96%
1,7 Trillion Texas
93%
967 Million Florida
90%
506 Million Washington
71%
820 Million Illinois
66%
592 Million New Jersey
62%
554 Million Georgia
61%
649 Million Ohio
61%
527 Million Massachusetts
59%
752 Million Pennsylvania
59%
504 Million Michigan
58%
509 Million Virginia
57%
538 Million North Carolina
52%
394 Million Maryland
49%
No matching quizzes found
Score Distribution
Percent of People with Each Score
Percentile by Number Answered
Your Score History
You have not taken this quiz